MARC details
| 000 -LEADER |
| campo de control de longitud fija |
01407nam a2200241 4500 |
| 003 - IDENTIFICADOR DE NÚMERO DE CONTROL |
| campo de control |
OSt |
| 005 - FECHA Y HORA DE LA ÚLTIMA TRANSACCIÓN |
| campo de control |
20230116121820.0 |
| 008 - DATOS DE LONGITUD FIJA--INFORMACIÓN GENERAL |
| campo de control de longitud fija |
230116b |||||||| |||| 00| 0 eng d |
| 040 ## - FUENTE DE CATALOGACIÓN |
| Centro/agencia transcriptor |
Lado V |
| 082 ## - NÚMERO DE LA CLASIFICACIÓN DECIMAL DEWEY |
| Número de clasificación |
708.9 |
| Número de ítem |
T557d |
| 100 ## - ENTRADA PRINCIPAL--NOMBRE DE PERSONA |
| Nombre de persona |
Ticoulat, Fernando |
| 9 (RLIN) |
542 |
| Término indicativo de función/relación |
organizador |
| 245 ## - MENCIÓN DEL TÍTULO |
| Título |
Donde vive el arte en America Latina/ |
| 260 ## - PUBLICACIÓN, DISTRIBUCIÓN, ETC. |
| Lugar de publicación, distribución, etc. |
Brasil |
| Nombre del editor, distribuidor, etc. |
Art Consulting Tool |
| Fecha de publicación, distribución, etc. |
2021 |
| 300 ## - DESCRIPCIÓN FÍSICA |
| Extensión |
447p. |
| Otras características físicas |
il (col) |
| Dimensiones |
23x32 cm |
| 505 ## - NOTA DE CONTENIDO CON FORMATO |
| Título |
Virginia Pérez-Ratton. Una práctica situada / Virginia Pérez-Ratton. A situated practice |
| Mención de responsabilidad |
Miguel A. López, M. Paola Malavasi Lachner |
| Título |
Virginia Pérez-Ratton y la reinvención de Centroamérica / Virginia Pérez-Ratton and the reivention of Central America |
| Mención de responsabilidad |
Paulo Herkenhoff |
| Título |
¿Qué región? Apuntando hacia un estrecho dudoso / What region? Pointing toward a dubious strait |
| Mención de responsabilidad |
Virginia Pérez-Ratton |
| Título |
Dar voz es llenar un vacío / To give voice is to fill a void |
| Mención de responsabilidad |
Mari Carmen Ramírez |
| Título |
Semblanza / Biographical sketch |
| -- |
Catálogo / Catalogue |
| -- |
Créditos / Credits |
| 650 ## - PUNTO DE ACCESO ADICIONAL DE MATERIA--TÉRMINO DE MATERIA |
| Fuente del encabezamiento o término |
Tesauro de Arte & Arquitectura |
| Término de materia o nombre geográfico como elemento de entrada |
ARTE LATINOAMERICANO |
| 650 ## - PUNTO DE ACCESO ADICIONAL DE MATERIA--TÉRMINO DE MATERIA |
| Fuente del encabezamiento o término |
Tesauro de Arte & Arquitectura |
| Término de materia o nombre geográfico como elemento de entrada |
CRITICA SOCIAL |
| 650 ## - PUNTO DE ACCESO ADICIONAL DE MATERIA--TÉRMINO DE MATERIA |
| Fuente del encabezamiento o término |
Tesauro de Arte & Arquitectura |
| Término de materia o nombre geográfico como elemento de entrada |
ESCULTURA |
| 650 ## - PUNTO DE ACCESO ADICIONAL DE MATERIA--TÉRMINO DE MATERIA |
| Fuente del encabezamiento o término |
Tesauro de Arte & Arquitectura |
| Término de materia o nombre geográfico como elemento de entrada |
PINTURA |
| 650 ## - PUNTO DE ACCESO ADICIONAL DE MATERIA--TÉRMINO DE MATERIA |
| Fuente del encabezamiento o término |
Tesauro de Arte & Arquitectura |
| Término de materia o nombre geográfico como elemento de entrada |
DIBUJO |
| 700 ## - ENTRADA AGREGADA--NOMBRE PERSONAL |
| Nombre de persona |
Siqueira Lopes, Joao Paulo |
| Término indicativo de función/relación |
organizacion |
| 942 ## - ELEMENTOS DE ENTRADA SECUNDARIOS (KOHA) |
| Fuente del sistema de clasificación o colocación |
Clasificación Decimal Dewey |
| Tipo de ítem Koha |
Libros |
| Parte de la signatura que corresponde a la clasificación (Parte de la clasificación) |
708.9 |
| Parte de la signatura que identifica el ejemplar (Parte del ítem) |
T557d |
| Suprimir en OPAC |
No |